Studies in American literature:Mark Twain.V4. (Record no. 82673)
[ view plain ]
| 000 -LEADER | |
|---|---|
| fixed length control field | 00399nam a2200157Ia 4500 |
| 008 - FIXED-LENGTH DATA ELEMENTS--GENERAL INFORMATION | |
| fixed length control field | 210210b1972 xxu||||| |||| 00| 0 eng d |
| 082 ## - DEWEY DECIMAL CLASSIFICATION NUMBER | |
| Classification number | 810.9 MULS |
| 100 ## - MAIN ENTRY--PERSONAL NAME | |
| Personal name | MULLIK (B R). |
| 245 ## - TITLE STATEMENT | |
| Title | Studies in American literature:Mark Twain.V4. |
| 260 ## - PUBLICATION, DISTRIBUTION, ETC. | |
| Place of publication, distribution, etc. | N D |
| Name of publisher, distributor, etc. | S. Chand & Co. Ltd. |
| Date of publication, distribution, etc. | 1972 |
| 300 ## - PHYSICAL DESCRIPTION | |
| Extent | iv,44 |
| 440 ## - SERIES STATEMENT/ADDED ENTRY--TITLE | |
| Title | 4 |
| 650 ## - SUBJECT ADDED ENTRY--TOPICAL TERM | |
| Topical term or geographic name entry element | Mark Twain |
| 690 ## - LOCAL SUBJECT ADDED ENTRY--TOPICAL TERM (OCLC, RLIN) | |
| Topical term or geographic name as entry element | American Literature |
| 906 ## - LOCAL DATA ELEMENT F, LDF (RLIN) | |
| a | 031525 |
| Withdrawn status | Lost status | Source of classification or shelving scheme | Damaged status | Not for loan | Collection code | Home library | Current library | Shelving location | Date acquired | Cost, normal purchase price | Total Checkouts | Full call number | Barcode | Date last seen | Price effective from | Koha item type |
|---|---|---|---|---|---|---|---|---|---|---|---|---|---|---|---|---|
| Dewey Decimal Classification | English | St Aloysius Library | St Aloysius Library | Secondary stack section | 02/17/2021 | 2.00 | 810.9 MULS | 031525 | 02/17/2021 | 02/17/2021 | Book |